|
|
|
|
| LEADER |
00000nam a22000007i 4500 |
| 001 |
IT\ICCU\CFI\0651943 |
| 003 |
ItRI |
| 005 |
20251008151512.0 |
| 008 |
060419s2001 it |||||| ||||| |||||c |
| 020 |
|
|
|a 8879401491
|
| 040 |
|
|
|b ita
|c ct
|
| 041 |
|
7 |
|a ita
|2 ISO-639-2
|
| 245 |
0 |
2 |
|a L'uomo.
|
| 260 |
|
|
|a Modena :
|b Logos,
|c [2001]
|
| 300 |
|
|
|a 154 p. :
|b ill. ;
|c 32 cm.
|
| 942 |
|
|
|2 ddc
|c BK
|
| 952 |
|
|
|0 0
|1 0
|2 ddc
|4 0
|6 B_AFT02GUZAFUOM11
|7 0
|9 7124
|a MI
|b MI
|d 2009-10-14
|i 5712
|l 0
|o B-AFT02-GUZAF-UOM11
|p CDOM5712
|r 2025-07-13 16:28:00
|w 2025-07-13
|x DONO
|y BK
|
| 981 |
|
1 |
|6 z01
|a i
|b xxxe
|
| 982 |
|
1 |
|6 z01
|a n
|
| 999 |
|
|
|c 5825
|d 5825
|